000 00313nam a2200133 i 4500
001 bg
245 0 _aTeorija mechanizmov i masin /
_cpod red. K.V. Frolova.
260 _aMoskva,
_c1987.
700 1 _aFrolov, K. V.
040 _cBPK
041 _apol
942 _cKS
008 s pl f |000 0 pol
999 _c28546
_d28546
856 _uhttp://koha.tu.koszalin.pl/cgi-bin/koha/opac-detail.pl?biblionumber=28546
_yKatalog online BPK